|
|
|
|
| LEADER |
00000nab a2200000 ar4500 |
| 001 |
vtls010118017 |
| 003 |
SK-MaSNL |
| 005 |
20260303231054.0 |
| 008 |
100726c2010 xo wr|p|||||||000 b|slo |
| 038 |
|
|
|a PPPK
|
| 040 |
|
|
|a PPPKCL
|b slo
|c PPPKCL
|e AACR2
|
| 041 |
0 |
|
|a slo
|
| 044 |
|
|
|a xo
|c SK
|
| 080 |
|
|
|a 373/378:7
|2 2001
|
| 080 |
|
|
|a 78.082.4
|2 2001
|
| 080 |
|
|
|a 373.3.011.3-52
|2 2001
|
| 080 |
|
|
|a 069.9
|2 2001
|
| 245 |
0 |
0 |
|a Programová mozaika svitskej ZUŠ
|c [text a foto] (reš)
|
| 300 |
|
|
|b Fotogr.
|
| 610 |
2 |
7 |
|a Základná umelecká škola (Svit, Slovensko)
|2 pppkcl
|9 1032670
|
| 648 |
|
7 |
|a 23.6.2010
|2 pppkcl
|9 1083686
|
| 650 |
0 |
7 |
|a umelecké školy
|2 pppkcl
|9 29319
|
| 650 |
0 |
7 |
|a koncerty
|2 pppkcl
|9 19182
|
| 650 |
0 |
7 |
|a výstavy
|2 pppkcl
|9 2780
|
| 650 |
0 |
7 |
|a žiaci
|2 pppkcl
|9 16621
|
| 651 |
|
7 |
|a Svit (Slovensko)
|x školstvo
|2 pppkcl
|9 1040322
|
| 651 |
|
7 |
|a Poprad (Slovensko : okres)
|2 pppkcl
|9 28675
|
| 773 |
0 |
|
|t Podtatranské noviny
|g Roč. LI, č. 27 (2010), s. 4
|x 1210-2423
|
| 852 |
|
|
|a PPPK
|b KIS3GCP
|
| 999 |
|
|
|c 2265053
|d 2266983
|